Reiseziele in Tomodachi Life - Statistiken

Allgemein
  • Dieses Quiz wurde 28 mal gespielt
  • Das Durchschnittsergebnis liegt bei 13 aus 18
Antworten auf der Karte
Die Antworten werden auf der Karte rot bzw. grün angezeigt, abhängig davon wie oft sie richtig erraten wurden.
 
Antwortstatistiken
Gruppe Souvenir Land % Korrekt
Tomodachi Life Homerun-Ball / Schlüsselanhänger / Bojobo-Puppe (JP) Vereinigte Staaten
96%
Tomodachi Collection Schlüsselanhänger Vereinigte Staaten (Hawaii)
96%
Tomodachi Life Känguru-Warnschild (US/EU) Australien
92%
Tomodachi Collection Essstäbchen / Taschentuch China
92%
Tomodachi Life Plüsch-Panda China
92%
Tomodachi Life Nussknacker (US) / Stück der Berliner Mauer (EU/JP) Deutschland
92%
Tomodachi Collection Modell des Tō-ji / Shisha Japan
92%
Tomodachi Life Fächer Japan
92%
Tomodachi Collection Porzellanpuppe Frankreich
75%
Tomodachi Life Seife / Muschel-Halskette (US/EU) Frankreich
75%
Tomodachi Collection Brosche Italien
67%
Tomodachi Life Lederhandschuhe (JP) Italien
67%
Tomodachi Life Kuhglocke Schweiz
63%
Tomodachi Life Wüstensand (JP) Ägypten
58%
Tomodachi Collection Fächer Spanien
54%
Tomodachi Life Panflöte Peru
42%
Tomodachi Collection Elefantenfigur Thailand
33%
Tomodachi Life Krama-Schal Kambodscha
21%
Keine übereinstimmenden Quizze gefunden
Verteilung der Resultate
Anzahl Personen mit jedem Resultat
Perzentil nach korrekt beantworteten Fragen
Ihre Resultats-Entwicklung
Sie haben dieses Quiz noch nicht gespielt